01798nam a2200457 i 450000100060000000300020000600500170000800600190002500700150004400800410005901700220010002000270012203500220014904000310017105000200020208000180022208200150024010000490025524501920030426400530049630000410054933600310059033700330062133800430065449000420069750000220073950400280076158800830078959001620087265000200103465000300105465000210108465000180110565500270112370000380115079700180118883000430120685600630124994200110131299900170132375551020241217151223.0m o d | cr cnu||||||||230328s2012 sp ob 001 0 spa d aM-4384-2012b2012 a9788497551441q(print) a(OCoLC)1377206111 aFINmELBbspaerdacFINmELB 4aRC49bM535 2012 a616.02:159.9704a616.082231 aMenassa de Lucia, Alejandra,d1958-eautora.10aMedicina psicosomática II :bdiagnóstico diferencial entre la histeria, la enfermedad orgánica y la enfermedad psicosomática /cAlejandra Menassa de Lucia, Pilar Rojas Martínez. 1aMadrid, España :bEditorial Grupo Cero,c2012. a1 recurso en línea (145 páginas) atextobtxt2rdacontent/spa acomputadorabc2rdamedia/spa arecurso en líneabcr2rdacarrier/spa1 aColección Extensión Universitaria aIncluye índice. aIncluye bibliografía. aDescripción basada en metadatos suministrados por el editor y otras fuentes. aRecurso electrónico. Santa Fe, Arg.: elibro, 2023. Disponible vía World Wide Web. El acceso puede estar limitado para las bibliotecas afiliadas a elibro. 4aDiagnósticos. 4aMedicina psicosomática. 4aPsicoanálisis. 4aSalud Mental. 4aLibros electrónicos.1 aRojas Martínez, Pilar,eautora.2 aelibro, Corp. 0aColección Extensión Universitaria.40uhttps://elibro.net/ereader/politecnicointernacional/204148 cLIBROS c75551d75551